LEADER 02242nam a2200373 u 4500 001 000000005314 003 CaOOAMICUS 005 20190426132300.0 008 940902m19601964gw u000 u lat u 032 $aLibriCat 035 $a10139671 040 $aPUL(R)$bita 100 0 $aAlbertus Magnus,$cs., vesc. di Regensburg,$dc. 1193-1280.$0(OLS)http://pul/name/153 240 10$aMetaphysica.$0(OLS)http://pul/title/7778 245 10$aAlberti Magni ordinis fratrum praedicatorum Metaphysica /$cedidit Bernhardus Geyer. 260 $aMonasterium Westfalorum :$bin aedibus Aschendorff,$c1960-1964. 300 $a2 v. ;$c33 cm 490 1 $aSancti doctoris Ecclesiae Alberti Magni Ordinis Fratrum Praedicatorum Episcopi opera omnia ;$vt. 16, p. 1-2 505 1 $aT.1. Libri I-V. -- t.2. Libri VI-XIII. 700 1 $aGeyer, Bernhard,$d1880-1974.$0(OLS)http://pul/name/5546 800 0 $aAlbertus Magnus,$cs., vesc. di Regensburg,$dc. 1193-1280.$tOpera omnia ;$vt. 16, p. 1-2.$0(OLS)http://pul/nameTitle/1532$0(OLS)http://pul/name/153$0(OLS)http://pul/title/2415 830 0$aSancti doctoris Ecclesiae Alberti Magni Ordinis Fratrum Praedicatorum Episcopi opera omnia ;$vt. 16, p. 1-2.$0(OLS)http://pul/title/196 850 $aPUL 852 $aPUL$W1$xDP1 Fondo Seidl$y56$m2 A 2(1-2)$j7447$nBK-PRI$b $qFondi$B7447$CPULBib$Z2$F7447 $HPUL91421,PUL91425 $81 852 $aPUL$W1$xDP1 Fondo Seidl$y56$m2 A 2(1-2)$j7447$nBK-PRI$b $qFondi$B7448$CPULBib$Z2$F7448 $HPUL91421,PUL91425 $81 852 $aPUL$W1$xSL Religione 1$y3$m77 B 3.16.1$j195623$nBK-PRI$bt. 16, p. 1$qStampati$B7446$CPULBib$Z2$F7446 $81 852 $aPUL$W1$xSL Religione 1$y3$m77 B 3.16.2$j195624$nBK-PRI$bt. 16, p. 2$qStampati$B200486$CPULBib$Z2$F200486 $H24733 $81 900 $aAlberto Magno,$cs., vesc. di Regensburg$dc.1193-1280.$9153 900 $aAlberto Magno,$cs., vesc. di Regensburg$dc.1193-1280.$9153 941 1 $a8 941 1 $a1 996 $6245$aAlberti Magni ordinis fratrum praedicatorum Metaphysica$9(OLS)http://pul/title/7779 996 $6260$aMonasterium Westfalorum :$bin aedibus Aschendorff$9(OLS)http://pul/publisher/50857 LEADER 01231nam a2200265 u 4500 001 000000037110 003 CaOOAMICUS 005 20070226113729.0 008 980401s1972 it u000 u ita u 035 $a10788684 040 $aPUL(R)$bita 100 1 $aCervati, Angelo Antonio.$0(OLS)http://pul/name/27920 245 13$aLa delega legislativa /$cAngelo Antonio Cervati. 260 $aMilano :$bA. Giuffrè,$c1972. 300 $aviii, 226 p. ;$c24 cm 490 1 $aUniversità degli studi di Roma. Monografie dell'istituto di diritto pubblico della facoltà di giurisprudenza. Nuova serie ;$v36 500 $aContiene indici. 504 $aBibliografia in nota. 650 4$aDiritto pubblico.$0(OLS)http://pul/subject/2966 830 0$aMonografie dell'Istituto di diritto pubblico della Facoltà di Giurisprudenza (Università degli studi di Roma).$pNuova serie ;$v36.$0(OLS)http://pul/title/10229 850 $aPUL 852 $aPUL$W1$xDP2 Diritto Canonico 1$y64$m167 A 101.36$j50764$nBK-PRI$qStampati$B50764$CPULBib$Z2$F50764 $H36305 $82 941 1 $a8 996 $6245$aLa delega legislativa$9(OLS)http://pul/title/50582 996 $6260$aMilano :$bA. Giuffrè$9(OLS)http://pul/publisher/48096